| 000 -LEADER |
| fixed length control field |
01934cam a2200409 a 4500 |
| 001 - CONTROL NUMBER |
| control field |
4363982 |
| 003 - CONTROL NUMBER IDENTIFIER |
| control field |
NUST |
| 005 - DATE AND TIME OF LATEST TRANSACTION |
| control field |
20190927150158.0 |
| 008 - FIXED-LENGTH DATA ELEMENTS--GENERAL INFORMATION |
| fixed length control field |
900322s1990 dcuab b 000 0 eng |
| 010 ## - LIBRARY OF CONGRESS CONTROL NUMBER |
| LC control number |
90070363 |
| 020 ## - INTERNATIONAL STANDARD BOOK NUMBER |
| International Standard Book Number |
0309049040 : |
| Terms of availability |
$8.00 |
| 038 ## - RECORD CONTENT LICENSOR |
| Staff Name |
MSOHAIL |
| 040 ## - CATALOGING SOURCE |
| Original cataloging agency |
DLC |
| Transcribing agency |
DLC |
| Modifying agency |
DLC |
| 050 00 - LIBRARY OF CONGRESS CALL NUMBER |
| Classification number |
TE250 |
| Item number |
.D33 1990 |
| 082 00 - DEWEY DECIMAL CLASSIFICATION NUMBER |
| Classification number |
625.7042 |
| Edition number |
20 |
| 100 1# - MAIN ENTRY--PERSONAL NAME |
| Personal name |
Dahir, S. H. |
| 9 (RLIN) |
21787 |
| 245 10 - TITLE STATEMENT |
| Title |
Wet-pavement safety programs / |
| Statement of responsibility, etc. |
Sabir H.M. Dahir, Wade L. Gramling ; topic panel, Bernard C. Brown ... [et al.]. |
| 260 ## - PUBLICATION, DISTRIBUTION, ETC. |
| Place of publication, distribution, etc. |
Washington, D.C. : |
| Name of publisher, distributor, etc. |
Transportation Research Board, National Research Council, |
| Date of publication, distribution, etc. |
[1990] |
| 300 ## - PHYSICAL DESCRIPTION |
| Extent |
54 p. : |
| Other physical details |
ill., maps ; |
| Dimensions |
28 cm. |
| 490 1# - SERIES STATEMENT |
| Series statement |
Synthesis of highway practice / National Cooperative Highway Research Program, |
| International Standard Serial Number |
0547-5570 ; |
| Volume/sequential designation |
158 |
| 500 ## - GENERAL NOTE |
| General note |
"Research sponsored by the American Association of State Highway and Transportation Officials in cooperation with the Federal Highway Administration." |
| 500 ## - GENERAL NOTE |
| General note |
"July 1990." |
| 500 ## - GENERAL NOTE |
| General note |
"Project 20-5 FY 1984 (Topic 10-06)"--T.p. verso. |
| 504 ## - BIBLIOGRAPHY, ETC. NOTE |
| Bibliography, etc. note |
Includes bibliographical references (p. 20). |
| 650 #0 - SUBJECT ADDED ENTRY--TOPICAL TERM |
| Topical term or geographic name entry element |
Pavements |
| General subdivision |
Skid resistance |
| -- |
Testing. |
| 9 (RLIN) |
21788 |
| 650 #0 - SUBJECT ADDED ENTRY--TOPICAL TERM |
| Topical term or geographic name entry element |
Motor vehicles |
| General subdivision |
Skidding. |
| 9 (RLIN) |
21789 |
| 650 #0 - SUBJECT ADDED ENTRY--TOPICAL TERM |
| Topical term or geographic name entry element |
Roads |
| General subdivision |
Safety measures. |
| 9 (RLIN) |
20708 |
| 700 1# - ADDED ENTRY--PERSONAL NAME |
| Personal name |
Gramling, W. L. |
| 9 (RLIN) |
21790 |
| 700 1# - ADDED ENTRY--PERSONAL NAME |
| Personal name |
Brown, Bernard C., |
| Dates associated with a name |
1934- |
| 9 (RLIN) |
21693 |
| 710 2# - ADDED ENTRY--CORPORATE NAME |
| Corporate name or jurisdiction name as entry element |
American Association of State Highway and Transportation Officials. |
| 9 (RLIN) |
19553 |
| 710 1# - ADDED ENTRY--CORPORATE NAME |
| Corporate name or jurisdiction name as entry element |
United States. |
| Subordinate unit |
Federal Highway Administration. |
| 9 (RLIN) |
20149 |
| 710 2# - ADDED ENTRY--CORPORATE NAME |
| Corporate name or jurisdiction name as entry element |
National Research Council (U.S.). |
| Subordinate unit |
Transportation Research Board. |
| 9 (RLIN) |
19676 |
| 830 #0 - SERIES ADDED ENTRY--UNIFORM TITLE |
| Uniform title |
Synthesis of highway practice ; |
| Volume/sequential designation |
158. |
| 9 (RLIN) |
21791 |
| 906 ## - LOCAL DATA ELEMENT F, LDF (RLIN) |
| a |
7 |
| b |
cbc |
| c |
orignew |
| d |
3 |
| e |
opcn |
| f |
19 |
| g |
y-gencatlg |
| 942 ## - ADDED ENTRY ELEMENTS (KOHA) |
| Source of classification or shelving scheme |
|
| Koha item type |
Book |